000 01056nam a2200229 a 4500
001 BRCA_226
005 20190320202926.0
008 790228s1973 mx-a---##b---#000-0#spa-#
040 _aDLC
_cDLC
_dDLC
050 4 _aF1219.3
_b.V49 1973
100 1 _aVeytia, Mariano
_d1718-1780?
_9776
245 1 0 _aLos calendarios mexicanos
_cpor Mariano Fernández de Echeverría y Veytia ; prólogo del doctor Ignacio Bernal.
260 _aMéxico
_bSan Angel
_c1973
300 _axi, 7-62 p.
_bil. (algunas a color), 8 láminas
_c52 cm.
500 _aTextos publicados originalmente en forma menos completa por los autores sobre la Historia antigua de Méjico, México, 1836, capítulos 1-11
500 _aFacsímil de : edición privada de Cartón y Papel de México, S.A., realizada por el Museo Nacional en 1907 al cuidado de Don Genaro García, quien escribió la introducción
504 _aIncluye referencias bibliográficas
650 1 4 _aCalendario azteca
_9777
700 1 _aGarcía, Genaro
_d1867-1920
_9453
700 1 _aBernal, Ignacio
_9778
942 _2lcc
_cB
999 _c184
_d184